Practical microcomputer programming (Record no. 6003)

MARC details
000 -LEADER
fixed length control field 00642nam a2200217Ia 4500
003 - CONTROL NUMBER IDENTIFIER
control field IN-BaIIA
008 - FIXED-LENGTH DATA ELEMENTS--GENERAL INFORMATION
fixed length control field 211028s9999 xx 000 0 eng d
020 ## - INTERNATIONAL STANDARD BOOK NUMBER
International Standard Book Number 0-930594-01-0
040 ## - CATALOGING SOURCE
Transcribing agency IIA Library
080 ## - UNIVERSAL DECIMAL CLASSIFICATION NUMBER
Universal Decimal Classification number 519.68
Item number WEL
100 ## - MAIN ENTRY--PERSONAL NAME
Personal name Weller, W. J
9 (RLIN) 10420
245 #0 - TITLE STATEMENT
Title Practical microcomputer programming
Remainder of title the Intel 8080
Statement of responsibility, etc. W.J. Weller, A.V. Shatzel and H.Y. Nice.
260 ## - PUBLICATION, DISTRIBUTION, ETC.
Place of publication, distribution, etc. Chicago
Name of publisher, distributor, etc. Direct
Date of publication, distribution, etc. 1976
300 ## - PHYSICAL DESCRIPTION
Extent ix, 306p.
650 ## - SUBJECT ADDED ENTRY--TOPICAL TERM
Topical term or geographic name entry element Astronomy and astrophysics thesaurus
650 ## - SUBJECT ADDED ENTRY--TOPICAL TERM
Topical term or geographic name entry element Computer programming
650 ## - SUBJECT ADDED ENTRY--TOPICAL TERM
Topical term or geographic name entry element Microcomputers
9 (RLIN) 9969
700 ## - ADDED ENTRY--PERSONAL NAME
Personal name Nice, H. Y.
9 (RLIN) 10421
700 ## - ADDED ENTRY--PERSONAL NAME
Personal name Shatzel, A. V.
9 (RLIN) 10422
942 ## - ADDED ENTRY ELEMENTS (KOHA)
Koha item type Books
Holdings
Withdrawn status Lost status Damaged status Not for loan Home library Current library Shelving location Date acquired Total Checkouts Full call number Barcode Date last seen Price effective from Koha item type
        IIA Library-Bangalore IIA Library-Bangalore General Stacks 30/11/1978   519.68/ WEL 6706 05/11/2021 30/11/1978 Books

Powered by Koha